000 00629nam a2200193 4500
001 121106
003 ES-MaACL
005 20251003180604.0
007 t|
008 070214s1923 sp r ||||1| spa d
100 1 _aPons, Jaime.
_992991
245 1 0 _aAtlas-manual práctico de extracción de los dientes /
_cJaime Pons, Germán Martínez ; prólogo del doctor Goyanes.
260 _aMadrid :
_bSucesores de Rivadeneyra,
_c1923.
300 _a160 p. ;
_c24 cm.
700 1 _aMartínez, Germán.
_977744
700 1 _aGoyanes Capdevila, José,
_dd1876-1964
_959401
852 _aES-MaACL
_jB-11355
999 _c121106
_d121106